| 000 | 00541nam a2200205Ia 4500 | ||
|---|---|---|---|
| 008 | 180523s9999 xx 000 0 und d | ||
| 020 | _a81-7992-213-8 | ||
| 050 | _aMAIN HD 2963 | ||
| 050 | _b.Y 2003 | ||
| 100 | _aY., Ramkishen. | ||
| 245 | 0 | _aManagement of co-operatives : | |
| 245 | 0 | _bhistory, theory, sectors and case studies / | |
| 245 | 0 | _cRamkishen Y. | |
| 260 | _aNew Delhi : | ||
| 260 | _bJaico Publishing, | ||
| 260 | _c2003 | ||
| 300 | _a218 pages : | ||
| 300 | _c22 cm. | ||
| 650 | _aCooperative societies -- India. | ||
| 999 |
_c356799 _d356799 |
||